Music Quiz

Random Music or Lyrics Quiz

The House That Built Me - Miranda Lambert Quiz Stats

 Plays Quiz not verified by Sporcle

Challenge
Share
Tweet
Embed
Score 0/188 Timer 10:00
0 Plays Today
% Correct
the
99.5%
and
99.5%
and
99.5%
the
99.5%
a
99.5%
the
99.5%
and
99.5%
and
99.5%
and
99.5%
and
99.5%
and
99.5%
the
99.5%
and
99.5%
I
99%
i
99%
i
99%
i
99%
i
99%
i
99%
i
99%
i
99%
i
99%
i
99%
i
99%
i
99%
i
99%
i
99%
me
97.4%
me
97.4%
me
97.4%
that
96.6%
that
96.6%
that
96.6%
that
96.6%
you
96.6%
you
96.6%
you
96.6%
you
96.6%
you
96.6%
you
96.6%
you
96.6%
to
96.1%
to
96.1%
to
96.1%
do
95.7%
in
95.7%
in
95.7%
in
95.7%
in
95.7%
know
95.4%
know
95.4%
know
95.4%
know
95.4%
home
94.7%
home
94.7%
but
94.4%
but
94.4%
on
94.3%
on
94.3%
my
94.2%
my
94.2%
from
93.9%
from
93.9%
% Correct
from
93.9%
is
93.3%
is
93.3%
can
93.2%
back
92.9%
back
92.9%
just
92.6%
just
92.6%
go
92.5%
dont
92.3%
house
92.1%
come
91.4%
dog
91.4%
come
91.4%
built
91%
cant
90.1%
yard
90.1%
they
90%
guitar
89.7%
say
89.6%
where
89.5%
play
89.5%
learned
89.2%
favorite
89.2%
if
89.1%
this
89.1%
this
89.1%
if
89.1%
this
89.1%
again
88.8%
adam
88.8%
could
88.7%
could
88.7%
could
88.7%
bedroom
88.3%
front
88.3%
mine
88.3%
did
88.3%
time
88.2%
buried
88.1%
one
88%
last
87.5%
little
87.5%
are
87.4%
homework
87%
bet
86.8%
handprints
86.7%
had
86.5%
under
86.2%
leave
86.2%
leave
86.2%
oak
86.1%
it
86.1%
those
86%
steps
85.7%
memory
85%
thought
84.7%
thought
84.7%
nothing
84.6%
these
84.4%
up
84.1%
place
84%
touch
83.6%
% Correct
take
83.5%
stairs
83.3%
feel
83.3%
out
83.2%
out
83.2%
wont
82.7%
swear
82.5%
didnt
82.4%
for
82.4%
i'll
82.2%
inside
82.1%
start
81.8%
live
81.5%
healing
81.3%
might
80.9%
ma'am
79.3%
here
77%
best
77%
move
76.6%
garden
76.4%
find
75.9%
myself
75.9%
its
75.7%
of
75.7%
daddy
75.7%
like
75.4%
magazine
75.3%
im
75.1%
homes
74.7%
better
74.1%
who
74%
pictures
74%
cut
73.9%
someone
73.7%
maybe
73.5%
else
73.4%
am
73.4%
dream
72.8%
years
72.6%
life
72.4%
or
72.3%
brokenness
71.8%
by
71.7%
by
71.7%
gave
71.7%
forgot
71.3%
got
71.1%
world
71%
lost
70.8%
houses
70.5%
board
69.7%
board
69.7%
nail
69.1%
nail
69.1%
old
66%
were
63.5%
concrete
61.2%
plans
59.8%
drawn
59.1%
mamma
58%
poured
55.3%
mammas
53.7%

You're not logged in!

Compare scores with friends on all Sporcle quizzes.
Join for Free
OR
Log In

You Might Also Like...

Show Comments

Extras

Top Quizzes Today


Score Distribution

Your Account Isn't Verified!

In order to create a playlist on Sporcle, you need to verify the email address you used during registration. Go to your Sporcle Settings to finish the process.

Report this User

Report this user for behavior that violates our Community Guidelines.

Details: